| 000 | 00902cam a2200289 a 4500 | ||
|---|---|---|---|
| 001 | 15365591 | ||
| 003 | OSt | ||
| 005 | 20240716161755.0 | ||
| 008 | 080714r20092008nyu d 000 1 eng | ||
| 010 | _a 2008023005 | ||
| 020 | _a978-0-439-68627-3 | ||
| 040 |
_aDLC _cDLC _dDLC |
||
| 042 | _alcac | ||
| 050 | 0 | 0 |
_aPZ 7 _b.H55738Cry 2009 |
| 100 | 1 |
_aHill, Stuart. _928054 |
|
| 245 | 1 | 0 |
_aThe cry of the icemark / _cStuart Hill. |
| 260 |
_aNew York : _bChicken House/Scholastic, _c2009. |
||
| 300 |
_a490 p. ; _c24 cm. |
||
| 490 | 0 | _aIcemark chronicles ; | |
| 526 | _c1080 | ||
| 650 | 1 |
_aFantasy. _93293 |
|
| 856 | 4 | 2 |
_3Publisher description _uhttp://www.loc.gov/catdir/enhancements/fy1116/2008023005-d.html |
| 906 |
_a7 _bcbc _corignew _d1 _eecip _f20 _gy-gencatlg |
||
| 942 |
_2lcc _cBK |
||
| 999 |
_c34604 _d34604 |
||